000 00538nam a2200181 i 4500
001 80425
003 ES-MaACL
005 20240516130446.0
007 t|
008 041028s1970 sp ||||1| spa d
100 1 _aHikmet, Nazim.
_963667
245 1 0 _aAntología /
_cNazim Hikmet ; selección, traducción y prólogo de Soliman Salom.
260 _a[Madrid :
_bAlberto Corazón,
_c1970]
300 _a246 p. ;
_c10 cm.
700 1 _aSalom, Soliman,
_d1921-
_9102011
852 _aES-MaACL
_jC-39888
_bR.73233
999 _c80425
_d80425